Marketing Plan/Οικονομική Ανάπτυξη Εταιρίας Παραγωγής Dressings (Αριθ. εγγραφής 8687)
[ απλή προβολή ]
| 000 -LEADER | |
|---|---|
| fixed length control field | 01260cam a22001814a 4500 |
| 005 - ΗΜΕΡΟΜΗΝΙΑ ΚΑΙ ΩΡΑ ΤΕΛΕΥΤΑΙΑΣ ΕΝΗΜΕΡΩΣΗΣ | |
| Πεδίο ελέγχου | 20250605164343.0 |
| 008 - FIXED-LENGTH DATA ELEMENTS--GENERAL INFORMATION | |
| Πεδίο ελέγχου σταθερού μήκους | 250528s ||||||||||||||||||||||||d |
| 035 ## - SYSTEM CONTROL NUMBER | |
| System control number | 23738 |
| 040 ## - ΠΗΓΗ ΚΑΤΑΛΟΓΟΓΡΑΦΗΣΗΣ | |
| Φορέας πρωτότυπης καταλογογράφησης | MC Athens Campus Library |
| Γλώσσα καταλογογράφησης | Ελληνικά, Μοντέρνα (1453-) |
| Modifying agency | MC Athens Campus Library |
| Κανόνες περιγραφικής καταλογογράφησης | AACR2 |
| 245 1# - ΤΙΤΛΟΣ ΚΑΙ ΔΗΛΩΣΗ ΥΠΕΥΘΥΝΟΤΗΤΑΣ | |
| Τίτλος | Marketing Plan/Οικονομική Ανάπτυξη Εταιρίας Παραγωγής Dressings |
| 260 ## - PUBLICATION, DISTRIBUTION, ETC. | |
| Date of publication, distribution, etc. | 2013 |
| 300 ## - PHYSICAL DESCRIPTION | |
| Extent | 24 |
| 520 ## - SUMMARY, ETC. | |
| Summary, etc. | Εισαγωγή, Αποστολή και Κουλτούρα της Επιχείρησης, Κατάσταση Αγοράς, Συμπεριφορά Αγοράς, Τάσεις Αγοραστικής Συμπεριφοράς, Θέση του Προϊόντος, Τιμολογιακή Πολιτική, Θέση του Ανταγωνισμού, Ερωτηματολόγιο, Δυναμείς και Αδυναμίες των Ανταγωνιστών, SWOT Analysis, Στρατηγική Marketing, Στρατηιγικές Πιθανοτήτων Ανάπτυξης, Τμηματοποίηση και Αγορά Στόχος, Μίγμα Marketing, Πρόγραμμα Δράσης, Πρόϋπολογισμος, Επίλογος, Βιβλιογραφία, Βίβλια. |
| 700 1# - ΠΡΟΣΘΕΤΗ ΑΝΑΓΡΑΦΗ--ΦΥΣΙΚΟ ΠΡΟΣΩΠΟ | |
| Personal name | Λάλας Στέφανος |
| 9 (RLIN) | 9284 |
| 942 ## - ADDED ENTRY ELEMENTS (KOHA) | |
| Koha item type | Διπλωματική εργασία |
| Τύπος τεκμηρίου | Βιβλιοθήκη | Τρέχουσα τοποθεσία | Barcode | Ημερομηνία απόκτησης | Ταξιθετικό σύμβολο | Αριθμός αντιτύπου | Κατάσταση απόσυρσης | Κατάσταση χαμένου | Κατάσταση κατεστραμμένου | Μη δανεισμός | Σύνολο δανεισμών | Ημερομηνία τελευταίας εμφάνισης | Η τιμή ισχύει από |
|---|---|---|---|---|---|---|---|---|---|---|---|---|---|
| Διπλωματική εργασία | MC Athens Campus Library | MC Athens Campus Library | 9780000086860 | 05/06/2025 | BUS 2013 (29) | 1 | 05/06/2025 | 05/06/2025 |